000 00581nam a2200229Ia 4500
003 OSt
005 20220923214032.0
006 a|||||r|||| 00| 0
007 ta
008 220922b |||||||| |||| 00| 0 hin d
024 _a166,649
037 _cTextual
040 _aARTS
_cARTS
_bhin
041 _2hin
_ahin
082 _aO152:1N071x, J4
100 _aबच्चन
245 0 _aएकांत संगीत
246 _aEkāanta sangīta
260 _c1954
942 _hO152:1N071x, J4
_cTEXL
_2CC
999 _c321128
_d321128